000 00671nam a2200277Ia 4500
005 20260324153531.0
008 008 260324s9999 xx 000 0 eng d
020 _a9780080967011
037 _aEBOOK
040 _aCRL
040 _beng
040 _cCRL
041 _2eng
041 _aeng
084 _qCRL
100 _aGeoffrey Allen
_91231658
245 0 _aComprehensive Polymer Science and Supplements
250 _a1
260 _bElsevier
260 _c2012
650 _aMaterials Science
856 _uhttps://www.sciencedirect.com/science/referenceworks/9780080967011
942 _cEBOOK
999 _c1843266
_d1843266